| 000 | 00487nam a2200181Ia 4500 | ||
|---|---|---|---|
| 008 | 230917s9999||||xx |||||||||||||| ||und|| | ||
| 020 | _cGBP54.99 | ||
| 040 |
_e227211 _aMAIN |
||
| 041 | _aEnglish | ||
| 082 | _a589.2 W394I(3) | ||
| 100 | _aWebster, John | ||
| 245 | 0 | _aIntroduction to fungi | |
| 250 | _a3rd ed. | ||
| 260 |
_aCambridge _bCambridge University Press _c2015 |
||
| 300 | _axviii, 841 p. | ||
| 500 | _a2085 20/08/2015 APD15/1022729 14/10/2015 Main Budget | ||
| 942 | _cBK | ||
| 999 |
_c15656 _d15656 |
||